[Event "110th Anniversary Open 2020"]
[Site "Hilleroed"]
[Date "2020.02.13"]
[Round "7.1"]
[White "Zeng, Chongsheng"]
[Black "Wu, Sibo"]
[Result "1-0"]
[WhiteElo "2567"]
[BlackElo "2060"]
[Annotator "TA"]
[PlyCount "57"]
[EventDate "2020.02.08"]
[EventType "swiss"]
[EventCountry "DEN"]
[SourceTitle "playchess.com"]
[Source "ChessBase"]
[SourceQuality "1"]

{[%evp 11,57,33,39,5,25,25,55,46,48,56,49,52,58,33,31,31,35,33,46,52,47,51,53,56,53,66,108,118,271,207,220,181,436,435,428,418,551,534,625,613,865,873,949,931,29990,29991,29996,187]} 1. c4 c6 2. Nc3 d5 3. d4 Nf6 4. Nf3 a6 5. c5 Nbd7 6. Bf4 Nh5 {[#]} 7. Qc1 $146 {D15: Slav Defence: 4 Nc3 a6 and gambit lines after 4 Nc3 dxc4.} ({Predecessor:} 7. Bd2 Nhf6 8. Qc2 g6 9. g3 Bg7 10. Bg2 O-O 11. O-O b6 12. b4 a5 13. a3 Re8 14. Bf4 Nh5 15. Bg5 {1-0 (66) Yu,Y (2753)-Malakhov,V (2722) Danzhou 2017}) 7... h6 8. e4 g5 9. Be3 {White is slightly better.} dxe4 10. Nxe4 Ndf6 11. Nc3 Be6 12. Be2 Nd5 13. Nxd5 Bxd5 14. Ne5 Ng7 15. h4 gxh4 $1 16. Rxh4 Nf5 $1 {[%cal Rf5h4]} 17. Rf4 Nxe3 18. Qxe3 Qa5+ {[#]} 19. Kf1 $1 {Strongly threatening Qh3!} Rg8 $2 (19... Bg7 $16 {might work better.}) 20. g3 Rg7 21. Nc4 Qc7 $2 (21... Bxc4 22. Bxc4 Qc7) 22. Nb6 $18 Rd8 23. Bh5 e5 24. Rf5 e4 25. Re5+ Be7 26. Qxh6 {[#] White wants to mate with Qh8+.} Kf8 27. Rf5 f6 28. Nxd5 Rxd5 29. Qh8+ {Accuracy: White = 78%, Black = 42%.} 1-0

[Event "110th Anniversary Open 2020"]
[Site "Hilleroed"]
[Date "2020.02.13"]
[Round "7.2"]
[White "Gukesh D"]
[Black "Schultz-Pedersen, Jesper"]
[Result "1-0"]
[WhiteElo "2542"]
[BlackElo "2058"]
[Annotator "TA"]
[PlyCount "61"]
[EventDate "2020.02.08"]
[EventType "swiss"]
[EventCountry "DEN"]
[SourceTitle "playchess.com"]
[Source "ChessBase"]
[SourceQuality "1"]

{[%evp 10,60,12,20,56,57,72,36,45,17,35,4,26,0,12,-22,0,0,7,7,0,0,-22,-132,-111,-227,-213,-214,-210,-267,-266,-259,-282,-442,-422,-456,-429,-486,-398,-546,-533,-590,-622,-615,-617,-606,-604,-1554,-1668,-1430,-960,-939,29999]} 1. e4 Nc6 2. Nf3 e6 3. d4 d5 4. Nc3 Nf6 5. e5 Ne4 6. Bd3 f5 {C10: French with 3 Nc3: Unusual Black 3rd moves and 3...dxe4.} 7. exf6 Nxf6 8. Bg5 Bd6 {White is slightly better.} 9. Qe2 O-O 10. O-O-O Nb4 {[#]} 11. Ne5 $146 ({Predecessor:} 11. h4 c5 12. dxc5 Bxc5 13. a3 Nxd3+ 14. Qxd3 Bxf2 15. Rdf1 Bc5 16. h5 h6 17. Bxh6 gxh6 {0-1 (29) Galuszka,T (1753)-Taus,M (2051) Orlova 2017}) 11... b6 12. Bb5 a6 13. Ba4 $1 {And now a3 would win.} c5 14. dxc5 $1 bxc5 15. a3 Qc7 $1 16. Nf3 {[#]} ({Wrong is} 16. axb4 $2 Bxe5 17. f3 cxb4 $19) (16. Rhe1 $11) 16... Nc6 $1 $17 17. h4 {[#]} (17. Bh4 $17) 17... Rb8 $1 $19 18. Bxf6 gxf6 ({Resist} 18... Rxf6 19. Rxd5 exd5 20. Nxd5 $17) 19. Rh3 Qb6 ({Don't play} 19... Bf4+ 20. Kb1 $17) 20. b3 c4 21. Nd2 (21. h5 {is a better defense.}) 21... Bxa3+ 22. Kb1 Kh8 23. Rg3 Rb7 24. Qh5 cxb3 25. Nxb3 Na5 26. Qh6 Nxb3 27. Bxb3 Qxf2 28. Rdd3 {[#]} Rxb3+ $1 29. Ka1 (29. cxb3 Qb2#) 29... Qe1+ 30. Nd1 Rxd3 $4 {[%mdl 8192]} (30... Rb7 $19 31. Qd2 Qe5+ 32. Qc3 Bd6) 31. Qg7# {Accuracy: White = 29%, Black = 86%.} 1-0

[Event "110th Anniversary Open 2020"]
[Site "Hilleroed"]
[Date "2020.02.13"]
[Round "7.3"]
[White "Stanford, Maxim Barth"]
[Black "Nilssen, John Arni"]
[Result "1-0"]
[WhiteElo "2339"]
[BlackElo "2333"]
[Annotator "TA"]
[PlyCount "63"]
[EventDate "2020.02.08"]
[EventType "swiss"]
[EventCountry "DEN"]
[SourceTitle "playchess.com"]
[Source "ChessBase"]
[SourceQuality "1"]

{[%evp 14,63,18,21,27,20,23,13,7,4,8,6,6,9,24,15,34,14,17,24,20,-17,51,47,50,41,53,29,118,115,231,231,349,272,256,239,243,250,340,303,341,334,403,391,374,297,573,569,903,672,1100,1098]} 1. e4 c5 2. Nf3 Nc6 3. Bb5 g6 4. O-O Bg7 5. Re1 Nf6 6. Bxc6 dxc6 7. d3 O-O 8. h3 b6 {is recently more successful than 8...Ne8. B31: Sicilian: 2...Nc6 3 Bb5 g6.} 9. Nc3 Qc7 10. Be3 e5 {The position is equal.} 11. a4 a5 12. Qc1 {[#]} Nh5 $146 ({Predecessor:} 12... Re8 13. Ne2 Nh5 14. g4 Nf6 15. Ng3 Nd7 16. Bh6 Bh8 17. Rf1 Nf8 18. Ne2 Qe7 {½-½ (41) Neric,J (1841)-Ivekovic,A (1831) Busevec 2008}) 13. Ne2 f5 14. exf5 $1 gxf5 15. Ng3 Nxg3 16. fxg3 Qd6 17. Bf2 {[#]} c4 ({Better is} 17... e4 $1 $11 {[%mdl 512]} 18. dxe4 fxe4) 18. Qe3 $36 {[%cal Rf3e5][%mdl 2048] Black is under pressure.} ({Avoid the trap} 18. Bxb6 $2 c5 $19) 18... cxd3 19. cxd3 Re8 20. Qxb6 Rb8 (20... Be6 $1 $11 {keeps the balance.}) 21. Qxa5 $16 Rxb2 {[#]} (21... Qd5 $16 22. Qxd5+ cxd5) 22. Bd4 $1 $18 {[%cal Rd4b2][%mdl 576] Double Attack, Pin} e4 (22... Rb3 $142 23. Bxe5 Bxe5) (22... exd4 23. Rxe8+) 23. Bxg7 Kxg7 24. Qc3+ Qf6 25. d4 Rb6 26. Ne5 Ra6 27. a5 Be6 28. Reb1 Bd5 29. Rb7+ Re7 $2 (29... Kg8 {was necessary.} 30. Rab1 Qg5) 30. Rab1 {White is clearly winning.} e3 31. Qxe3 {Black must now prevent Ng4.} Rxa5 {[#]} 32. Nxc6 $1 {[%mdl 512] Accuracy: White = 85%, Black = 41%.} 1-0

[Event "110th Anniversary Open 2020"]
[Site "Hilleroed"]
[Date "2020.02.13"]
[Round "7.4"]
[White "Thorsbro, Peter"]
[Black "Sylvan, Jacob"]
[Result "1/2-1/2"]
[WhiteElo "2159"]
[BlackElo "2335"]
[Annotator "TA"]
[PlyCount "80"]
[EventDate "2020.02.08"]
[EventType "swiss"]
[EventCountry "DEN"]
[SourceTitle "playchess.com"]
[Source "ChessBase"]
[SourceQuality "1"]

{[%evp 9,80,0,-4,-5,-1,-9,-9,0,0,-9,-9,-7,-6,-16,-14,-7,39,42,31,32,52,1,4,0,18,0,10,9,17,-12,-22,-18,69,3,0,0,0,0,0,-39,-46,-45,-35,-73,-75,-69,-62,-44,-25,-56,-28,-28,-28,-28,-28,-33,-28,-34,-29,-29,-29,-29,-30,-52,-36,-52,-57,-52,-26,-40,-35,-67,-68]} 1. d4 Nf6 2. Bf4 d5 3. e3 c5 4. c3 Nc6 5. Nd2 Bf5 6. Qb3 {D00: 1 d4 d5: Unusual lines.} Qd7 7. Ngf3 c4 8. Qd1 {The position is equal.} e6 9. Be2 b5 10. O-O Bd6 11. Bxd6 Qxd6 12. Nh4 {[#]} h6 $146 (12... O-O {feels hotter.} 13. g4 Bg6 14. f4 Be4 15. g5 Nd7) ({Predecessor:} 12... Bg6 13. b3 Ne4 14. Nxe4 Bxe4 15. f3 Bg6 16. Nxg6 hxg6 17. f4 g5 18. g3 gxf4 19. Rxf4 {1-0 (39) Berkes,F (2670)-Robson,R (2562) Paks 2010}) 13. Nxf5 exf5 14. Qc2 Qe6 15. b3 ({White should play} 15. a4 $14 bxa4 16. Rxa4 (16. Qxa4 O-O $14)) 15... O-O $11 16. Rfe1 a6 17. Bf1 Ne4 18. bxc4 bxc4 19. f3 Nxd2 20. Qxd2 Rab8 {[#]} ({Black should try} 20... Na7 $11) 21. Rad1 (21. e4 $1 $14 {[%mdl 512]}) 21... Na5 22. Qc2 Rfe8 23. Qa4 Rb5 24. e4 fxe4 25. fxe4 dxe4 26. d5 Qb6+ 27. Kh1 Qc5 28. Rd4 e3 29. d6 Rd8 30. Rxe3 Rxd6 31. Re8+ Kh7 32. Qc2+ Qf5 33. Qxf5+ $1 Rxf5 {[%cal Rf5f1] [#]} 34. Kg1 $1 Rxd4 35. cxd4 {[%mdl 4096] Endgame KRB-KRN} Rd5 36. Rc8 Kg6 37. Bxc4 Nxc4 38. Rxc4 Kf5 39. Rc7 Ke6 40. Ra7 Ra5 {Accuracy: White = 77%, Black = 82%.} 1/2-1/2

[Event "110th Anniversary Open 2020"]
[Site "Hilleroed"]
[Date "2020.02.13"]
[Round "7.5"]
[White "Siva Mahadevan"]
[Black "Jensen, Thore Nyboe"]
[Result "1-0"]
[WhiteElo "2310"]
[BlackElo "2006"]
[Annotator "TA"]
[PlyCount "63"]
[EventDate "2020.02.08"]
[EventType "swiss"]
[EventCountry "DEN"]
[SourceTitle "playchess.com"]
[Source "ChessBase"]
[SourceQuality "1"]

{[%evp 11,63,-4,26,16,16,21,20,30,27,13,21,14,16,28,15,22,29,33,25,24,33,37,44,35,30,16,25,0,36,8,16,-15,-18,-18,14,0,0,0,6,10,17,-22,-22,-13,323,319,608,608,596,581,1723,1112,29994,29995]} 1. e4 c5 2. Nf3 d6 3. d4 cxd4 4. Nxd4 Nf6 5. Nc3 a6 6. a4 Qc7 7. g3 {B90: Sicilian Najdorf: Unusual White 6th moves, 6 Be3 Ng4 and 6 Be3 e5.} g6 8. Bg2 Bg7 9. O-O {The position is equal.} Nc6 {[#]} 10. Bg5 $146 ({Predecessor:} 10. Nde2 O-O 11. h3 Rb8 12. Nd5 Nxd5 13. exd5 Na5 14. Nd4 Re8 15. c3 Bxd4 16. cxd4 {0-1 (29) Lenz,A (2245)-Freider,P Zalakaros 1991}) 10... Nxd4 11. Qxd4 O-O 12. Qd2 Be6 13. Nd5 Nxd5 14. exd5 Bf5 15. c3 Rfe8 16. Rfe1 Rac8 17. Re2 Qd7 18. Rae1 {[%cal Re2e7]} Be5 19. Qd1 Kg7 20. f3 {Threatens to win with g4.} h5 21. Qb3 b5 22. axb5 Bd3 23. Re3 ({Of course not} 23. Rxe5 dxe5 24. b6 Bc4 $17) 23... Qxb5 24. Qd1 $36 {[%mdl 2048] [#] aiming for f4. White has the initiative.} Bc4 25. f4 Bf6 26. g4 hxg4 27. Qxg4 Rb8 $2 {[%mdl 8192] [#]} (27... Bd3 $11 {and Black has nothing to worry.}) 28. f5 $1 $18 {[%cal Rf5g6] fxg6 is the strong threat.} Bxd5 $2 (28... Qd7) 29. Bxd5 Qxd5 30. Bxf6+ Kxf6 31. fxg6 {[%mdl 64] White threatens Rf1+ and mate. Overworked Piece} fxg6 32. Re6+ {Accuracy: White = 81%, Black = 60%.} 1-0

[Event "110th Anniversary Open 2020"]
[Site "Hilleroed"]
[Date "2020.02.13"]
[Round "7.6"]
[White "Kvendseth, Thyra"]
[Black "Larsen, Karsten"]
[Result "0-1"]
[WhiteElo "1889"]
[BlackElo "2235"]
[Annotator "TA"]
[PlyCount "172"]
[EventDate "2020.02.08"]
[EventType "swiss"]
[EventCountry "DEN"]
[SourceTitle "playchess.com"]
[Source "ChessBase"]
[SourceQuality "1"]

{[%evp 17,172,8,4,0,2,-1,-2,-25,-6,-10,-16,-18,0,0,0,-27,0,0,0,-24,-25,-23,-13,-19,-18,-50,-8,-12,0,0,0,-26,-24,-25,-20,-81,-80,-112,-111,-119,-121,-122,-114,-134,-116,-115,-113,-155,-138,-142,-119,-208,-209,-189,-189,-200,-166,-229,-119,-305,-302,-241,-221,-491,-408,-408,-354,-361,-361,-361,-361,-361,-361,-368,-351,-358,-336,-459,-459,-424,-447,-580,-352,-437,0,-528,-351,-432,-433,-585,-482,-470,-462,-716,-681,-679,-680,-1594,-1256,-1943,-1750,-1628,-1308,-1297,-1296,-1285,-1253,-1240,-1175,-1189,-892,-1082,-973,-1004,-961,-754,0,-1022,0,-1013,-907,-1412,-1426,-1362,-1393,-1370,-1337,-1229,0,0,0,-997,-911,-731,-113,-540,-571,-1225,-1252,-1248,-1239,-1198,-1186,-1082,-947,-800,-799,-2504,-2443,-1852,-1744,-5609,-4410,-1974,-2219,-6007,-6189]} 1. Nf3 Nf6 2. g3 d5 3. Bg2 c6 4. O-O Bf5 5. d4 h6 6. Nbd2 e6 7. b3 Nbd7 8. Bb2 Bd6 9. c4 O-O {9...Qb8 is more advanced technology.} 10. Re1 {D11: Slav Defence: 3 Nf3 sidelines and 3...Nf6 4 e3 Bg4.} Ne4 11. Nh4 {[#]} Bb4 $146 ({Predecessor:} 11... Bh7 12. e3 Bb4 13. Bxe4 dxe4 14. a3 Bd6 15. c5 Bc7 16. f3 f5 17. f4 Nf6 {0-1 (55) Giering,H (1733)-Walther,D (2090) Ellwangen 2003}) 12. Bxe4 {The position is equal.} Bxe4 13. a3 Bxd2 14. Qxd2 Nf6 15. f3 Bh7 16. Rad1 Qb6 17. Qc3 $1 Rfd8 18. c5 Qc7 19. Ng2 b6 20. b4 a5 21. Rc1 axb4 22. axb4 b5 23. Ra1 Ra4 24. Rxa4 bxa4 25. Ra1 Ra8 26. Ne1 (26. Ra3 $11 {remains equal.}) 26... Qb7 27. Ba3 Ne8 {[%cal Bf6e8,Be8c7,Bc7b5][%mdl 32]} 28. Nd3 Bxd3 29. Qxd3 Nc7 30. Rd1 Qa6 31. Qxa6 Rxa6 $17 {[%mdl 4096] Endgame KRB-KRN} 32. Kf2 Nb5 33. Rd3 f5 34. e3 (34. Ke1 $17) 34... Kf7 $19 35. Ke2 Ra8 36. Kd2 g5 37. Kc2 (37. Ke2 {is a better defense.}) 37... Kg6 (37... h5 $19 38. Bc1 h4) 38. Kb2 $2 (38. Bc1 $17 {was necessary.}) 38... g4 39. Rd2 h5 40. h4 $2 (40. Ka2) 40... gxf3 41. Rf2 Kf7 42. Rxf3 Rg8 43. Ka2 {[#]} Nc3+ $1 44. Ka1 Ne4 45. Bb2 Rb8 46. Ba3 Ke7 47. Ka2 Kd7 48. Rf1 Kc7 49. Re1 Rb5 50. Rf1 Rb8 51. Re1 $1 Rb7 52. Kb2 Kb8 53. Rg1 Ka7 54. Kc2 Ka6 55. Kd3 (55. Bc1 $142 Rxb4 56. Bd2) 55... Kb5 56. Bb2 Rg7 57. Bc3 Rxg3 58. Rxg3 Nxg3 {KB-KN} 59. Be1 Ne4 60. Kc2 Nf6 61. Kc3 Ng4 62. Bd2 Nh2 63. Be1 Ka6 64. Kc2 Nf1 65. Bf2 Kb5 66. Kc3 Nh2 67. Be1 $1 Ng4 68. Bd2 Nf2 {And now ...Ne4+ would win.} 69. Be1 Nd1+ 70. Kd2 Nb2 71. Kc3 Nc4 72. Bf2 Na3 73. Kb2 $1 {[%cal Rb2a3]} Nc4+ (73... Kxb4 $5 74. Be1+ $8 Kc4 75. Kxa3 Kd3 $11) 74. Kc3 Ka6 75. Bg1 Na3 $2 (75... Ka7 $19 {White must now prevent ...Ka6.} 76. Kc2 Ka6) 76. Bf2 $2 {[%mdl 8192]} (76. Kb2 $17 {was the crucial defense.} Nc4+ 77. Kc3) 76... Nb5+ {Black is clearly winning.} 77. Kb2 {[#]} f4 $1 {[%mdl 512]} 78. exf4 Kb7 79. Kc2 Kc8 80. Be3 Kd7 81. Kd3 Ke7 82. Bc1 Kf6 83. Bb2 Kf5 84. Ke3 Kg4 85. Bc1 a3 {[%cal Ba4a3,Ba3a2][%mdl 32]} 86. Kf2 a2 {Accuracy: White = 50%, Black = 81%.} 0-1

[Event "110th Anniversary Open 2020"]
[Site "Hilleroed"]
[Date "2020.02.13"]
[Round "7.7"]
[White "Kristiansen, Jens"]
[Black "Jacobsen, Mikkel Manosri"]
[Result "0-1"]
[WhiteElo "2406"]
[BlackElo "2315"]
[Annotator "TA"]
[PlyCount "84"]
[EventDate "2020.02.08"]
[EventType "swiss"]
[EventCountry "DEN"]
[SourceTitle "playchess.com"]
[Source "ChessBase"]
[SourceQuality "1"]

{[%evp 15,84,0,22,26,36,43,66,0,0,-17,-29,-22,1,-10,0,0,-14,0,-6,-88,-93,-146,0,-10,0,0,0,0,0,0,8,-20,-17,-56,-15,-63,0,-68,-16,-20,-17,-16,-22,-23,-35,-34,0,-7,0,-120,-109,-185,-147,-165,-151,-107,-107,-122,-106,-264,-247,-220,-129,-499,-489,-476,-472,-29993,-29994,-29996,-29997]} 1. Nf3 d5 2. g3 g6 3. Bg2 Bg7 4. O-O e5 5. d3 Nc6 6. Nbd2 Nge7 7. e4 O-O 8. c3 h6 9. b4 {A07: Réti Opening: New York and Capablanca Systems.} a6 10. Bb2 {[#]} f5 $146 ({Predecessor:} 10... Bg4 11. a3 d4 12. cxd4 Nxd4 13. Bxd4 exd4 14. Nb3 Qd7 15. Rc1 b6 16. Qc2 Ra7 {0-1 (40) Flores,D (2601)-Henriquez Villagra,C (2501) Punta Arenas 2018}) 11. Re1 (11. exd5 $14 Qxd5 12. Re1) 11... dxe4 $1 $11 12. Qb3+ Kh8 13. dxe4 f4 14. a4 g5 {And now ...g4 would win.} 15. b5 Na5 16. Qb4 b6 17. c4 (17. Nc4 $1 $11 {remains equal.}) 17... Ng6 $17 18. h3 (18. Red1 $142) 18... Qf6 (18... h5 $17 19. Qc3 g4 20. hxg4 hxg4) 19. g4 $11 Re8 20. Qc3 Bf8 21. Nb3 Nxb3 22. Qxb3 a5 23. Rad1 Be6 24. Rd5 Bd6 25. Qd3 Kg8 (25... Bf7 $15) 26. c5 ({White should play} 26. Rxd6 $11 cxd6 27. Qxd6 {[%mdl 64] Double Attack}) 26... bxc5 (26... Bxc5 $15 27. Rxc5 bxc5) 27. Rxd6 cxd6 28. Qxd6 {[%cal Rf3e5][%mdl 64] Double Attack} Qd8 29. Qxc5 Rc8 {[%cal Ba8c8,Bc8c5,Bc5c2,Bc2d2,Bd2e2][%mdl 32]} 30. Qa3 $1 Bf7 31. Qa1 {[%cal Rf3e5]} Rc5 32. Ba3 (32. Bf1 $11) 32... Rc2 $17 {aiming for ...Qb6!} 33. Bb2 {[#]} (33. Rc1 $17 Qd3 34. Qb1 Rxc1+ 35. Qxc1) 33... Qb6 $1 $36 {[%mdl 2048] Black is on the roll.} 34. Rf1 {[%cal Rf3e5]} Qc5 35. Ne1 Rd2 36. Nf3 {[#]} Re2 $1 37. h4 $2 (37. Qa3 $17 {only move.} Qc2 38. Bc3) 37... gxh4 $19 ({Not} 37... Nxh4 38. Nxe5 Qe7 39. Nc6 $17) 38. g5 Qc8 ({Better is} 38... h5 $19 39. Qc1 Qxc1 40. Bxc1 Ra2) 39. Nxe5 $2 {[%mdl 8192] [#]} (39. gxh6 $17 h3 40. h7+ {[%mdl 64] Decoy} Kxh7 41. Ng5+ Kg8 42. Bf3) 39... Rxe5 $1 {[%mdl 512]} 40. Bxe5 {[#] Black must now prevent Bg7.} Qg4 $1 {[%mdl 512] ( -> ...h3)} 41. Kh2 (41. Bh8 $19 Nxh8 42. Qc3) 41... h3 {[%mdl 64] Decoy} 42. Bxh3 Qg3+ {[%mdl 64] Double Attack. Accuracy: White = 45%, Black = 78%.} 0-1

[Event "110th Anniversary Open 2020"]
[Site "Hilleroed"]
[Date "2020.02.13"]
[Round "7.8"]
[White "Lilja, Richard"]
[Black "Ostergaard, Jens"]
[Result "0-1"]
[WhiteElo "2123"]
[BlackElo "2229"]
[Annotator "TA"]
[PlyCount "100"]
[EventDate "2020.02.08"]
[EventType "swiss"]
[EventCountry "DEN"]
[SourceTitle "playchess.com"]
[Source "ChessBase"]
[SourceQuality "1"]

{[%evp 12,104,40,32,32,12,31,8,14,16,12,14,29,31,11,23,27,28,35,16,16,0,0,0,2,-29,-33,-22,-28,-66,-70,-69,-59,-83,-94,-98,-49,-56,-50,-33,-32,-51,-54,-65,-43,-36,-51,-23,0,0,0,0,0,0,0,0,0,0,8,0,0,-5140,-5147,-12796,-4133,-29974,-29972,-6520,-10662,-6203,-5089,-29979,-29980,-29981,-29982,-29982,-29983,-29983,-29984,-29983,-29981,-29988,-29989,-29991,-29992,-29992,-29993,-29993,-29994,-29995,-29996,-29996,-29997,-29998,-29996]} 1. e4 c5 2. Nc3 Nc6 3. Bb5 g6 4. Bxc6 dxc6 5. d3 Bg7 6. Be3 b6 7. Qd2 e5 {B23: Closed Sicilian: Lines without g3.} 8. f4 Nf6 9. fxe5 {And now Bg5 would win.} Ng4 {The position is equal.} 10. Nf3 {[#]} Nxe3 $146 ({Predecessor:} 10... Nxe5 11. Nxe5 Bxe5 12. O-O-O Bg4 13. Rde1 Qd6 14. h3 Be6 15. Rhf1 O-O-O 16. Rd1 Rd7 {1-0 (50) Lopez Santana,O (2168)-Oms Fuentes,L (2314) Catalunya 2012}) 11. Qxe3 O-O 12. O-O-O Qe7 13. h3 Bxe5 14. Nxe5 Qxe5 15. g4 Be6 16. Kb1 a5 17. Na4 Rab8 18. g5 Qd4 19. Qxd4 cxd4 20. Rdg1 c5 21. b3 Rfc8 22. h4 b5 23. Nb2 c4 24. dxc4 bxc4 25. Rd1 Rd8 26. bxc4 Bxc4 27. Ka1 Be2 28. Rd2 Bf3 29. Re1 Rb5 {[#]} 30. c3 $1 {[%mdl 512]} Re5 $36 {[%mdl 2048] Black is pushing.} (30... dxc3 31. Rxd8+) 31. Rxd4 Rxd4 32. cxd4 Rxe4 33. Rxe4 Bxe4 $11 {[%mdl 4096] Endgame KB-KN} 34. Nc4 Bd5 35. Nxa5 h5 {...f6! is the strong threat.} 36. Kb2 $2 {[%mdl 8192] [#]} (36. gxh6 $11 f5 37. Kb2) 36... f6 $1 $19 {[%cal Rf6g5][%mdl 512]} 37. Nb3 (37. gxf6 g5) 37... fxg5 38. Nd2 gxh4 39. Nf1 g5 40. Kc2 g4 41. Kd2 g3 {Black mates.} 42. Ne3 g2 43. Nxg2 h3 44. Nf4 h2 45. Nxd5 h1=Q 46. Nc3 h4 47. Kd3 h3 48. d5 h2 49. d6 Qc6 50. Ne4 h1=Q 0-1

[Event "110th Anniversary Open 2020"]
[Site "Hilleroed"]
[Date "2020.02.13"]
[Round "7.9"]
[White "Jorgensen, Dennis"]
[Black "Ramkilde, Mikael"]
[Result "1-0"]
[WhiteElo "2154"]
[BlackElo "1951"]
[Annotator "TA"]
[PlyCount "53"]
[EventDate "2020.02.08"]
[EventType "swiss"]
[EventCountry "DEN"]
[SourceTitle "playchess.com"]
[Source "ChessBase"]
[SourceQuality "1"]

{[%evp 9,53,2,8,6,10,0,0,5,3,1,32,39,45,28,62,50,77,62,60,64,75,74,75,74,64,55,76,77,114,112,115,118,194,150,278,251,237,238,625,592,589,589,581,574,720,562]} 1. Nf3 Nf6 2. d4 c5 3. e3 d5 4. c4 e6 5. a3 a6 6. dxc5 {D30: Queen's Gambit Declined: Systems without Nc3.} Bxc5 7. b4 Be7 8. Bb2 {The position is equal.} O-O 9. Nbd2 Nc6 10. Rc1 Re8 11. Qc2 h6 {[#]} 12. Be2 $146 ({Predecessor:} 12. Qb1 Bd7 13. Qa1 Rc8 14. Be2 Nb8 15. Ne5 Ba4 16. c5 Bf8 17. O-O Nfd7 18. Nxd7 Nxd7 {½-½ (27) Gara,G (2116)-Lengyel,L (2088) Hungary 2011}) 12... Bf8 13. O-O Bd7 14. Rfd1 Rc8 15. Qb1 Na7 16. Bd4 Nc6 17. Ba1 Na7 18. Qb3 b5 19. c5 Nc6 20. Ne5 g6 (20... Nxe5 $16 {was worth a try.} 21. Bxe5 Bc6) 21. Ndf3 Ne7 (21... Bg7 $16 22. Bd3 Nh7) 22. Qb2 Bg7 {[#]} 23. Ng4 $1 {[%mdl 512]} Kh8 $2 (23... e5) (23... Nxg4 24. Qxg7#) 24. Nfe5 {White is clearly winning.} Rf8 25. Nxd7 Qxd7 26. Nxf6 Qd8 27. Qb1 {Accuracy: White = 87%, Black = 46%.} 1-0

[Event "110th Anniversary Open 2020"]
[Site "Hilleroed"]
[Date "2020.02.13"]
[Round "7.10"]
[White "Petersen, Peter Birk"]
[Black "Holm, Henrik"]
[Result "1-0"]
[WhiteElo "2117"]
[BlackElo "1802"]
[Annotator "ChessBase"]
[PlyCount "95"]
[EventDate "2020.02.08"]
[EventType "swiss"]
[EventCountry "DEN"]
[SourceTitle "playchess.com"]
[Source "ChessBase"]
[SourceQuality "1"]
[TimeControl "40/5400+30:1800+30"]

1. e4 {[%emt 0:00:00]} d5 {[%emt 0:00:00]} 2. exd5 {[%emt 0:00:00]} Nf6 {[%emt 0:00:17]} 3. d4 {[%emt 0:00:45]} Nxd5 {[%emt 0:00:26]} 4. c4 {[%emt 0:00:21]} Nb4 {[%emt 0:00:22]} 5. a3 {[%emt 0:01:28]} N4c6 {[%emt 0:00:32]} 6. d5 {[%emt 0:00:35]} Ne5 {[%emt 0:00:09]} 7. Nc3 {[%emt 0:01:27]} Nbd7 {[%emt 0:00:30]} 8. Be3 {[%emt 0:07:14]} Nf6 {[%emt 0:04:00]} 9. Bd4 {[%emt 0:01:57]} Ng6 {[%emt 0:00:21]} 10. Nf3 {[%emt 0:07:08]} e6 {[%emt 0:04:02]} 11. Qb3 {[%emt 0:05:55]} b6 {[%emt 0:19:09]} 12. O-O-O {[%emt 0:02:07]} Bd6 {[%emt 0:01:18]} 13. c5 {[%emt 0:11:33]} bxc5 {[%emt 0:01:06]} 14. Bb5+ {[%emt 0:06:31]} Bd7 {[%emt 0:04:32]} 15. dxe6 {[%emt 0:02:26]} cxd4 {[%emt 0:12:11]} 16. exd7+ {[%emt 0:00:32]} Kf8 {[%emt 0:01:08]} 17. Nxd4 {[%emt 0:05:20]} Ne5 {[%emt 0:09:04]} 18. Nf5 {[%emt 0:03:41]} Nexd7 {[%emt 0:13:43]} 19. Nxd6 {[%emt 0:01:32]} cxd6 {[%emt 0:00:13]} 20. Rxd6 {[%emt 0:01:44]} Qc7 {[%emt 0:00:20]} 21. Rhd1 {[%emt 0:03:31]} Rb8 {[%emt 0:01:31]} 22. Qc2 {[%emt 0:05:47]} Nb6 {[%emt 0:01:54]} 23. Kb1 {[%emt 0:02:02]} Ne8 {[%emt 0:01:01]} 24. Bxe8 {[%emt 0:03:28]} Rxe8 {[%emt 0:00:12]} 25. Qf5 {[%emt 0:00:37]} g6 {[%emt 0:01:28]} 26. Qf6 {[%emt 0:02:35]} Rg8 {[%emt 0:00:43]} 27. Nb5 {[%emt 0:02:17]} Qe7 {[%emt 0:08:58]} 28. Nxa7 {[%emt 0:00:47]} Qxf6 {[%emt 0:02:07]} 29. Rxf6 {[%emt 0:01:09]} Nc4 {[%emt 0:02:17]} 30. Rf4 {[%emt 0:02:24]} Na5 {[%emt 0:04:42]} 31. Nb5 {[%emt 0:03:26]} Re7 {[%emt 0:00:31]} 32. Ra4 {[%emt 0:01:21]} Nc6 {[%emt 0:01:47]} 33. Ra8+ {[%emt 0:00:33]} Kg7 {[%emt 0:00:08]} 34. Rxg8+ {[%emt 0:00:04]} Kxg8 {[%emt 0:00:06]} 35. Kc2 {[%emt 0:01:15]} Re5 {[%emt 0:00:34]} 36. Nc3 {[%emt 0:00:22]} Rf5 {[%emt 0:01:33]} 37. f3 {[%emt 0:02:07]} h5 {[%emt 0:00:28]} 38. b4 {[%emt 0:01:16]} h4 {[%emt 0:00:16]} 39. h3 {[%emt 0:00:28]} Kg7 {[%emt 0:01:25]} 40. Ne4 {[%emt 0:01:28]} Ne5 {[%emt 0:01:04]} 41. Kc3 {[%emt 0:30:30]} f6 {[%emt 0:04:40]} 42. a4 {[%emt 0:00:00]} g5 {[%emt 0:01:23]} 43. Nd6 {[%emt 0:00:00]} Rf4 {[%emt 0:00:22]} 44. Rd4 {[%emt 0:00:00]} Ng6 {[%emt 0:00:47]} 45. a5 {[%emt 0:00:00]} g4 {[%emt 0:02:03]} 46. Rxf4 {[%emt 0:00:00]} gxh3 {[%emt 0:00:32]} 47. gxh3 {[%emt 0:00:00]} Nxf4 {[%emt 0:00:08]} 48. Nf5+ {[%emt 0:14:17]} 1-0